000 002450000a22000970004500
100 1 _aKelly, Douglas
245 1 0 _aSome aspects of the preaching of John Calvin
300 _aVol. 5, Núm 3 (1987), Páginas 10-16
773 0 _tEvangel
942 _cANA
999 _c54327
_d54327